01205nam a22002897a 450000100040000000500170000402000150002104000230003605000210005908200140008010000160009424500180011024600500012826000360017830000480021450500070026252001600026952100290042952100190045865000500047765000290052790600450055694200150060199900130061695201430062995201430077266020250403093824.0 a071667288X aDLCcDLCdDLCbeng00aGB461b.C67 200000a577.7221 aChin, Jason00aCoral reefs /14aWorld Book encyclopedia presents, coral reefs aNew York :bScholastic ;c2011. a38 pages :bcolor illustrations ;c28 cm. + aJ  aA young girl gets quite a surprise when the text of a library book she is reading transforms her surroundings into those of a teeming-with-life coral reef! a480 bLexile estimate  aJ bRaz-Plus  0aCoral reefs and islandsvJuvenile literature. 1aCoral reefs and islands. a7bcbccorignewd2eopcnf19gy-gencatlg 2ddccBKn0 c660d660 00102ddc40708JUVFa001b001cTK Blued2025-04-03l3oCHI Fic GB461.C45pFISTK00718r2026-03-18 10:43:05s2026-03-11t1w2023-06-28yBK 00102ddc40708JUVFa001b001cTK Blued2025-04-03l1oCHI Fic GB461.C45pFISBK06111r2025-04-23 08:27:41s2025-04-02t2w2025-04-03yBK